000 00762nam a2200217Ii 4500
003 JO-AjNU
008 230605s9999||||xx |||||||||||||| ||und||
017 _a80/2750
020 _a977-7279/24/8
040 _aJO-AjNU
_bara
_erda
_cJO-AjNU
041 _aara
050 1 4 _aPJ6074.A27.M8 1980
100 3 _aتاليف احمد، محمد عبد القادر,
_eauthor
_939231
245 0 0 _aأبو زيد الانصاري ونوادر اللغة
264 3 1 _aالقاهرة: مكتبة النهضة المصرية،1980
300 _a264ص
336 _atext
_btxt
_2rdacontent
337 _aunmediated
_bn
_2rdamedia
338 _avolume
_bnc
_2rdacarrier
650 4 _aاللغة العربية-ابو زيد الانصاري ونوادر اللغة
_939232
999 _aA16552
_c20120
_d20120